Erasme et l'Espagne (Record no. 30637)

MARC details
000 -LEADER
campo de control de longitud fija 00469nam a2200145 i 4500
001 - NÚMERO DE CONTROL
campo de control 30637
003 - IDENTIFICADOR DE NÚMERO DE CONTROL
campo de control ES-MaACL
007 - CAMPO FIJO DE DESCRIPCIÓN FÍSICA--INFORMACIÓN GENERAL
campo de control de longitud fija t|
008 - DATOS DE LONGITUD FIJA--INFORMACIÓN GENERAL
campo de control de longitud fija 030127s1937 fr ||||1| fre d
100 1# - ENTRADA PRINCIPAL--NOMBRE DE PERSONA
Nombre de persona Bataillon, Marcel.
9 (RLIN) 26396
245 10 - MENCIÓN DEL TÍTULO
Título Erasme et l'Espagne
Resto del título : recherches sur l'Historie spirituelle du XVIe siécle /
Mención de responsabilidad, etc. Marcel Bataillon.
260 ## - PUBLICACIÓN, DISTRIBUCIÓN, ETC.
Lugar de publicación, distribución, etc. París :
Nombre del editor, distribuidor, etc. Droz,
Fecha de publicación, distribución, etc. 1937 (
Lugar de fabricación/manufactura Abbeville :
Fabricante Paillart)
300 ## - DESCRIPCIÓN FÍSICA
Extensión XII, 903 p. ;
Dimensiones 26 cm.
852 ## - LOCALIZACIÓN
Ubicación ES-MaACL
Número de control de estantería B-9583
Sublocalización o colección R.19355
Holdings
Estatus retirado Estado de pérdida Estado de daño No para préstamo Biblioteca de origen Biblioteca actual Ubicación en estantería Fecha de adquisición Fuente de adquisición Total de préstamos Signatura topográfica completa Código de barras Visto por última vez Precio de reemplazo Tipo de ítem Koha
        Biblioteca del Ateneo de Madrid Biblioteca del Ateneo de Madrid Sala Pardo Bazán 17/01/2008     B-9583 1031635 23/02/2023 23/02/2023 Libro impreso